Ordnance survey (Record no. 91)

MARC details
000 -LEADER
fixed length control field 00412nam a2200157Ia 4500
003 - CONTROL NUMBER IDENTIFIER
control field IN-BaIIA
008 - FIXED-LENGTH DATA ELEMENTS--GENERAL INFORMATION
fixed length control field 211028s9999 xx 000 0 eng d
040 ## - CATALOGING SOURCE
Transcribing agency IIA Library
080 ## - UNIVERSAL DECIMAL CLASSIFICATION NUMBER
Universal Decimal Classification number 528.73
Item number JAM
100 ## - MAIN ENTRY--PERSONAL NAME
Personal name Clarke
9 (RLIN) 140
245 #0 - TITLE STATEMENT
Title Ordnance survey
Remainder of title account of the principal triangulation
Statement of responsibility, etc. Clarke
260 ## - PUBLICATION, DISTRIBUTION, ETC.
Place of publication, distribution, etc. London
Name of publisher, distributor, etc. Palmer and Clayton
Date of publication, distribution, etc. 1858
300 ## - PHYSICAL DESCRIPTION
Extent 782p.
650 ## - SUBJECT ADDED ENTRY--TOPICAL TERM
Topical term or geographic name entry element Survey report
9 (RLIN) 141
942 ## - ADDED ENTRY ELEMENTS (KOHA)
Koha item type Books
Holdings
Withdrawn status Lost status Damaged status Not for loan Home library Current library Shelving location Date acquired Total Checkouts Full call number Barcode Date last seen Price effective from Koha item type
        IIA Library-Bangalore IIA Library-Kodaikanal General Stacks     528.73/ JAM 43 05/11/2021   Books

Powered by Koha